000 00213nam a22000857a 4500
008 160810b xxu||||| |||| 00| 0 eng d
100 _999
_aSharma S
245 _aEasy way to German
260 _aNew Delhi
_bR.P publication
999 _c2752
_d2752